losowe włoskie słowa - Statystyki

Ogólne statystyki
  • Ten quiz został rozwiązany 5 razy
  • Średni wynik to 2 z 20
Statystyki odpowiedzi
Hint Odpowiedź % Poprawnych
przyszłość futuro
75%
wydarzenie evento
50%
przyjaźń amicizia
25%
rozmowa conversazione
25%
okazja occasione
25%
przyzwyczajenie abitudine
0%
zmiana cambiamento
0%
zachowanie comportamento
0%
doświadczenie esperienza
0%
pewność siebie fiducia in sé
0%
spotkanie incontro
0%
odpowiedzialność responsabilità
0%
wspomnienie ricordo
0%
wybór scelta
0%
porażka sconfitta
0%
wysiłek sforzo
0%
marzenie sogno
0%
rozwój sviluppo
0%
tłumaczenie traduzione
0%
zwycięstwo vittoria
0%
Nie znaleziono quizów pasujących do podanych kryteriów
Rozkład punktacji
Procent ludzi z każdym wynikiem
Percentyl według liczby udzielonych odpowiedzi
Twoja historia wyników
Nie rozwiązałeś tego quizu